00558nam a2200181Ia 450000500170000000800410001702000150005808200130007310000070008624500270009326000530012030000190017350000390019270000250023194200060025695200990026299900150036120250312054418.0240331s9999 xx 000 0 und d a8123402341 bELAa894 a  0aUlagukkor inthozhukkam aAmbathoorbNew century book house Pvt ltdc1994 aXXII, 300 P ., aessays about India - Tamil leaders aElango, S.S Dreedt cL 001040708LaWERCLbWERCLcSSCd2024-03-31l0o 894.811 ELAp4530r2024-03-31w2024-03-31yL c3767d3767